Quiz de Times de futebol da África #1 - Statistics

Estatísticas Gerais
  • Esse quiz foi jogado 17 vezes
  • A pontuação média é 10 de 22
Estatísticas das Respostas
Imagem Hint Resposta % Correto
Mazembe
94%
SuperSport United
88%
Pyramids
71%
AmaZulu
65%
African Stars
59%
Ahly
59%
Pirates
59%
Sundowns
59%
Aviadores
53%
Petro
53%
Arrows
47%
Gallants
41%
Maquis
41%
Polokwane City
41%
Lunda Sul
35%
Modern
35%
Wiliete
35%
Isaac
24%
Atlético Tetouan
18%
Cape Town City
12%
Gaish
12%
Huíla
12%
Nenhum quiz correspondente encontrado
Distribuição das Pontuações
Porcentagem de Pessoas com Cada Pontuação
Percentil de Números Respondidos
Sua Pontuação Histórica
Você não jogou esse quiz